LEADER 01528nam 2200433Ia 450 001 9910701457103321 005 20120221141050.0 035 $a(CKB)5470000002418506 035 $a(OCoLC)777630297 035 $a(EXLCZ)995470000002418506 100 $a20120221d2001 ua 0 101 0 $aeng 135 $aurbn||||||||| 181 $ctxt$2rdacontent 182 $cc$2rdamedia 183 $acr$2rdacarrier 200 00$aAirdrop of supplies and equipment$b[electronic resource] $erigging high-mobility multipurpose wheeled vehicles 210 1$a[Washington, D.C.] :$cHeadquarters, Dept. of the Army :$cDept. of the Air Force,$d[2001] 215 $a1 online resource (309 unnumbered pages) $cillustrations 225 1 $aArmy FM ;$v4-20.117 225 1 $aAir Force TO ;$v13C7-1-11 300 $a"(FM 10-517)." 300 $aTitle from title screen (viewed on Feb. 21, 2012). 300 $a"1 October 2001." 320 $aIncludes bibliographical references. 517 $aAirdrop of supplies and equipment 606 $aArmored vehicles, Military$zUnited States$vHandbooks, manuals, etc 606 $aParachutes 608 $aHandbooks and manuals.$2lcgft 615 0$aArmored vehicles, Military 615 0$aParachutes. 712 02$aUnited States.$bDepartment of the Army. 712 02$aUnited States.$bDepartment of the Air Force. 801 0$bGPO 801 1$bGPO 906 $aBOOK 912 $a9910701457103321 996 $aAirdrop of supplies and equipment$93471855 997 $aUNINA LEADER 02216nam0 2200469 i 450 001 CFI0043968 005 20251003044114.0 020 $aIT$b88-1234 100 $a20011112d1980 ||||0itac50 ba 101 | $aita 102 $ait 181 1$6z01$ai $bxxxe 182 1$6z01$an 200 1 $aCapitale senza padrone$eil progetto svedese alla formazione collettiva del capitale$fRudolf Meidner 210 $aRoma$cLavoro$d1980 215 $a167 p.$d21 cm 225 | $aClassici & contemporanei$v1 300 $aTrad. dall'inglese (tit.: Employee investment funds) di Eugenia Monterisi. 410 0$1001CFI0043957$12001 $aClassici & contemporanei$v1 500 10$aKollektiv kapitalbildning genom löntagarfonder. -$3CFI0043969$9CFIV027915$916591 606 $aAziende$xGestione$xPartecipazione [dei] Lavoratori$2FIR$3IEIC001735$9I 676 $a332.041 5$9$v20 676 $a338.6$9ORGANIZZAZIONE DELLA PRODUZIONE$v12 676 $a338.6$9ORGANIZZAZIONE DELLA PRODUZIONE$v19 676 $a338.6$9ORGANIZZAZIONE DELLA PRODUZIONE$v20 676 $a338.6$9Produzione. Organizzazione della produzione$v23 686 $a414.2$cM0VIMENTI E ORGANIZZAZIONI SINDACALI 1968-1989$2R 686 $aSE/443.0$cECONOMIA E SOCIETA SVEZIA 1968-1989$2R 686 $aSE/443.6$cLAVORO SINDACATI DEI LAVORATORI SVEZIA 1968-1989$2R 696 $aImprese 699 $aAziende$yImprese 700 1$aMeidner$b, Rudolf$3CFIV027915$4070$0127639 801 3$aIT$bIT-000000$c20011112 850 $aIT-BN0095 $aIT-SA0111 $aIT-SA0370 901 $bNAP CS$cSEZ. CONS.$n$ 901 $bNAP 01$cPOZZO LIB.$nVi sono collocati fondi di economia, periodici di ingegneria e scienze, periodici di economia e statistica e altri fondi comprendenti documenti di economia pervenuti in dono. 901 $bNAP OP$cSALA 1 $n$ 912 $aCFI0043968 950 0$aBiblioteca Centralizzata di Ateneo$c1 v.$d 01POZZO LIB.F. SANTI 738$e 0101 0060034645E VMA 1 v. (Precedente collocazione S 633)$fB $h20221118$i20221118 977 $a 01$a CS$a OP 996 $aKollektiv Kapitalbildning Genom Löntagarfonder$916591 997 $aUNISANNIO